ბათუმის შოთა რუსთაველის სახელმწიფო უნივერსიტეტის ბიბლიოთეკა

Новые встречи с геометрией. (ბიბ.ჩანაწერი № 39106)

000 -LEADER
fixed length control field 00650nam a2200205Ia 4500
001 - CONTROL NUMBER
control field 5681
003 - CONTROL NUMBER IDENTIFIER
control field GE_BSU
008 - FIXED-LENGTH DATA ELEMENTS--GENERAL INFORMATION
fixed length control field 181216s||||||||xx |||||||||||||| ||und||
040 ## - CATALOGING SOURCE
Transcribing agency GE_BSU
080 ## - UNIVERSAL DECIMAL CLASSIFICATION NUMBER
Universal Decimal Classification number 514
100 ## - MAIN ENTRY--PERSONAL NAME
Personal name Коксетер Г.С.М. Грейтцер С.Л.
245 ## - TITLE STATEMENT
Title Новые встречи с геометрией.
245 ## - TITLE STATEMENT
Statement of responsibility, etc. Под. Ред. А.П. Савина. Пер. с английского А.П. Савина и Л.А. Савиной.
260 ## - PUBLICATION, DISTRIBUTION, ETC.
Place of publication, distribution, etc. Москва
260 ## - PUBLICATION, DISTRIBUTION, ETC.
Name of publisher, distributor, etc. Наука
260 ## - PUBLICATION, DISTRIBUTION, ETC.
Date of publication, distribution, etc. 1978
300 ## - PHYSICAL DESCRIPTION
Extent 222 с. 20 см.
653 ## - INDEX TERM--UNCONTROLLED
Uncontrolled term Новые встречи с геометрией.
942 ## - ADDED ENTRY ELEMENTS (KOHA)
Koha item type წიგნი

არაა ხელმისაწვდომი ეგზემპლარები.